LEADER 02492nam2 22004331i 450 001 VAN00031807 005 20250117084708.282 010 $a88-299-1548-3 100 $a20050118d2000 |0itac50 ba 101 $aita 102 $aIT 105 $a|||| ||||| 181 $ai$b e 182 $an 200 1 $aˆ1: ‰Patologia generale$e(capitoli 1-10)$fRobbins$gedizione italiana a cura di F. Dall'Olio ... [et al.]. Anatomia patologica degli organi e dei sistemi$e(capitoli 11-15)$fedizione italiana a cura di Antonio M. Mancini 205 $a6. ed 210 $aPadova$cPiccin$d[2000] 215 $aXVI, 815 p.$cill.$d27 cm 461 1$1001VAN00017279$12001 $aˆLe ‰basi patologiche delle malattie$fRobbins$gRamzi S. Cotran, Vinay Kumar, Tucker Collins$1205 $a6. ed$1210 $aPadova$cPiccin$d[2000]$1215 $avolumi$d26 cm$v1 620 $dPadova$3VANL000007 676 $a616.07$cPatologia$v22 700 1$aRobbins$bStanley L.$3VANV026437$067339 702 1$aDall'Olio$bFabio$3VANV026441 702 1$aMancini$bAntonio Maria$3VANV026442 712 $aPiccin $3VANV107900$4650 790 1$aRobbins, S. L.$zRobbins, Stanley L.$3VANV103366 790 1$aRobbins, S.L.$zRobbins, Stanley L.$3VANV206234 790 1$aRobbins, Stanley Leonard$zRobbins, Stanley L.$3VANV208853 790 1$aMancini, Antonio M.$zMancini, Antonio Maria$3VANV050582 801 $aIT$bSOL$c20250124$gRICA 899 $aBIBLIOTECA DEI DIPARTIMENTI DI AREA MEDICA$1IT-NA0588$2VAN12 912 $aVAN00031807 950 $aBIBLIOTECA DEL DIPARTIMENTO DI SCIENZE E TECNOLOGIE AMBIENTALI BIOLOGICHE E FARMACEUTICHE$e17DSV1006 20181210 $sSmarrito 950 $aBIBLIOTECA DEL DIPARTIMENTO DI SCIENZE E TECNOLOGIE AMBIENTALI BIOLOGICHE E FARMACEUTICHE$e17DSV1336 20181210 $sDeteriorato 950 $aBIBLIOTECA DEL DIPARTIMENTO DI SCIENZE E TECNOLOGIE AMBIENTALI BIOLOGICHE E FARMACEUTICHE$d17CONS Ae34/1 $e17DSV1335/1 20091022 $sSottolineato 950 $aBIBLIOTECA DEI DIPARTIMENTI DI AREA MEDICA$d12CONS aula studio $e12 13389 20050118 950 $aBIBLIOTECA DEL DIPARTIMENTO DI SCIENZE E TECNOLOGIE AMBIENTALI BIOLOGICHE E FARMACEUTICHE$d17PREST Ae28 $e17DSV1007/1 20091118 $sSottolineato 996 $aPatologia generale$91520541 997 $aUNICAMPANIA LEADER 03691nam 22007455 450 001 9910298611603321 005 20200702165512.0 010 $a3-662-45667-2 024 7 $a10.1007/978-3-662-45667-5 035 $a(CKB)3710000000332323 035 $a(EBL)1968659 035 $a(OCoLC)899495733 035 $a(SSID)ssj0001424262 035 $a(PQKBManifestationID)11826475 035 $a(PQKBTitleCode)TC0001424262 035 $a(PQKBWorkID)11366949 035 $a(PQKB)10393233 035 $a(DE-He213)978-3-662-45667-5 035 $a(MiAaPQ)EBC1968659 035 $a(PPN)183521390 035 $a(EXLCZ)993710000000332323 100 $a20150105d2015 u| 0 101 0 $aeng 135 $aur|n|---||||| 181 $ctxt 182 $cc 183 $acr 200 10$aDesign, Synthesis, and Structure-Property Relationship Study of Polymer Field-Effect Transistors /$fby Ting Lei 205 $a1st ed. 2015. 210 1$aBerlin, Heidelberg :$cSpringer Berlin Heidelberg :$cImprint: Springer,$d2015. 215 $a1 online resource (124 p.) 225 1 $aSpringer Theses, Recognizing Outstanding Ph.D. Research,$x2190-5053 300 $aDescription based upon print version of record. 311 $a3-662-45666-4 320 $aIncludes bibliographical references. 327 $aIntroduction -- Side Chain Effects and Design of Isoindigo-Based Polymers -- Ambipolar Polymer Field-Effect Transistors Based on Functionalized Isoindigo -- BDOPV-A Strong Electron-Deficient Building Block for Polymer Field-Effect Transistors -- Summary and Outlook. 330 $aThe book summarizes Ting Lei?s PhD study on a series of novel conjugated polymers for field-effect transistors (FETs). Studies contain many aspects of polymer FETs, including backbone design, side-chain engineering, property study, conformation effects and device fabrication. The research results have previously scattered in many important journals and conferences worldwide. The book is likely to be of interest to university researchers, engineers and graduate students in materials sciences and chemistry who wish to learn some principles, strategy, and applications of polymer FETs. 410 0$aSpringer Theses, Recognizing Outstanding Ph.D. Research,$x2190-5053 606 $aOptical materials 606 $aElectronics$xMaterials 606 $aPolymers 606 $aElectronics 606 $aMicroelectronics 606 $aRenewable energy resources 606 $aOptical and Electronic Materials$3https://scigraph.springernature.com/ontologies/product-market-codes/Z12000 606 $aPolymer Sciences$3https://scigraph.springernature.com/ontologies/product-market-codes/C22008 606 $aElectronics and Microelectronics, Instrumentation$3https://scigraph.springernature.com/ontologies/product-market-codes/T24027 606 $aRenewable and Green Energy$3https://scigraph.springernature.com/ontologies/product-market-codes/111000 615 0$aOptical materials. 615 0$aElectronics$xMaterials. 615 0$aPolymers. 615 0$aElectronics. 615 0$aMicroelectronics. 615 0$aRenewable energy resources. 615 14$aOptical and Electronic Materials. 615 24$aPolymer Sciences. 615 24$aElectronics and Microelectronics, Instrumentation. 615 24$aRenewable and Green Energy. 676 $a621.381 676 $a621.3815284 700 $aLei$b Ting$4aut$4http://id.loc.gov/vocabulary/relators/aut$0993463 906 $aBOOK 912 $a9910298611603321 996 $aDesign, Synthesis, and Structure-Property Relationship Study of Polymer Field-Effect Transistors$92274720 997 $aUNINA